000 00372nam a2200145Ia 4500
008 230312s9999||||xx |||||||||||||| ||und||
082 _a338.1
_bSHA
100 _aA. Hamid Shahid
245 0 _aAgriculture Economics
260 _bILMI KITAB KHANA
_aLahore
_c2002
300 _a288
546 _aEng.
650 _aEconomics
_vStructure of Agriculture economics
942 _cBK
999 _c2403
_d2403